[Event "Icelandic Open 2019"]
[Site "Akureyri"]
[Date "2019.05.28"]
[Round "5.4"]
[White "Stefansson, Hannes"]
[Black "Sarkar, Justin"]
[Result "1-0"]
[WhiteElo "2561"]
[BlackElo "2358"]
[Annotator "TA"]
[PlyCount "85"]
[EventDate "2019.05.25"]
[EventType "swiss"]
[EventCountry "ISL"]
[SourceTitle "playchess.com"]
[Source "ChessBase"]
[SourceQuality "1"]

{[%evp 13,85,44,45,25,47,13,39,40,38,45,29,-11,62,46,19,10,48,54,47,55,56,52,47,74,100,104,117,111,113,115,139,139,137,134,141,149,137,142,201,205,174,145,137,118,145,156,155,154,196,171,171,171,154,153,157,131,1796,1595,1173,976,1484,1472,1385,1306,1152,976,29953,29953,29963,29960,29953,29954,6087,5431]} 1. e4 e5 2. Nf3 Nc6 3. Bb5 Nd4 4. Nxd4 exd4 5. O-O Bc5 6. d3 c6 7. Ba4 Ne7 8. Nd2 {C61: Ruy Lopez: Bird's Defence} (8. Qh5 d5 9. Nd2 O-O 10. Nf3 f6 11. exd5 cxd5 12. Re1 g6 13. Qh6 Bb4 14. Re2 Nf5 15. Qf4 g5 16. Qg4 {½-½ (38) Swiercz,D (2631)-Rapport,R (2674) Haguenau 2013}) 8... d5 9. c3 dxe4 10. Nxe4 {White is slightly better.} Bb6 11. Bb3 O-O 12. Qh5 Qd7 $146 (12... Bf5 $11) ({Predecessor:} 12... Nd5 13. Bg5 f6 14. c4 fxg5 15. cxd5 h6 16. dxc6+ {1-0 (32) Kruglyakov,P-Romanov,V (2329) Kiev 2001}) 13. Bg5 (13. Re1 $5 {[%cal Re4g5]} Qf5 14. Qxf5 Nxf5 15. Bf4 $14) 13... Ng6 14. Rae1 Qg4 15. Qxg4 Bxg4 16. Nd6 $36 {[%mdl 2048] White has good play.} h6 17. Be7 $1 {[%cal Re7f8]} Nxe7 18. Rxe7 {[%mdl 64] [#] Double Attack} Bc5 19. Rxf7 Bxd6 20. Rd7+ Kh7 21. Rxd6 Be2 22. Re1 ({Reject} 22. Rxd4 $6 Bxf1 23. Kxf1 Rad8 $11) 22... Bxd3 23. Rxd4 Rae8 24. Rxe8 Rxe8 $16 {[%cal Re8e1][%mdl 4096] [#] Endgame KRB-KRB} 25. g4 Bg6 (25... Be2 $16 {was called for.} 26. Bc2+ Kg8) 26. Rd7 $18 b5 27. Kf1 a5 28. a3 h5 29. h3 hxg4 30. hxg4 c5 31. Bd1 b4 32. axb4 axb4 33. cxb4 cxb4 34. Rd4 Re4 $2 {[%mdl 8192]} (34... b3 $16 35. Rd7 (35. Bxb3 Rb8 $16) 35... Rc8 36. Bxb3 Rb8) 35. Rxe4 Bxe4 {KB-KB} 36. Ke2 Kg6 37. Ke3 Bd5 38. Kd4 Be6 39. Ke5 Kf7 40. f4 Ke7 41. f5 Bf7 42. g5 Ba2 43. Bf3 {Accuracy: White = 74%, Black = 38%.} 1-0

[Event "Icelandic Open 2019"]
[Site "Akureyri"]
[Date "2019.05.28"]
[Round "5.5"]
[White "Thorhallsson, Simon"]
[Black "Steingrimsson, Hedinn"]
[Result "0-1"]
[WhiteElo "2184"]
[BlackElo "2549"]
[Annotator "TA"]
[PlyCount "174"]
[EventDate "2019.05.25"]
[EventType "swiss"]
[EventCountry "ISL"]
[SourceTitle "playchess.com"]
[Source "ChessBase"]
[SourceQuality "1"]

{[%evp 13,174,25,25,26,33,30,25,23,31,25,33,31,25,19,62,62,62,24,29,16,27,7,8,7,7,9,17,6,7,2,2,3,3,4,0,0,0,0,0,-9,-4,-6,-5,-4,-4,-3,0,-15,0,-13,-14,-8,-6,-3,-5,-23,0,0,0,-23,-6,-23,-23,-23,-23,-23,-23,-23,-23,-23,-23,-23,-23,-28,-28,-28,-28,-28,-28,-28,-28,-133,-28,-176,0,-28,-28,-336,-437,-426,-448,-359,-343,-348,0,0,0,-327,-325,-322,-311,-289,-271,-263,-253,-230,-230,-1070,-1063,-1039,-1056,-1049,-1041,-1025,-1031,-987,-972,-972,-962,-917,-844,-1028,-1028,-702,-612,-29966,-1549,-1797,-1643,-5226,-1104,-29965,-29963,-29972,-29970,-29974,-29974,-29972,-29976,-29969,-3445,-1846,-2041,-1018,-1000,-522,-1139,-29975,-29976,-29981,-29982,-29982,-29983,-29982,0,-29973,-29975,-29978,-29978,-29983,-29984,-29988,-29989]} 1. d4 Nf6 2. c4 e6 3. g3 d5 4. Nf3 dxc4 5. Bg2 a6 6. O-O Nc6 7. e3 Bd7 8. Qe2 {E04: Open Catalan: 5 Nf3} Bd6 9. Qxc4 O-O 10. Rd1 {White has an edge.} Rb8 11. Nbd2 Qe7 12. b3 e5 13. Bb2 {[#]} Rfc8 $146 ({Predecessor:} 13... Rfe8 14. dxe5 Nxe5 15. Nxe5 Bxe5 16. Bxe5 Qxe5 {1-0 (55) Wojtaszek,R (2741)-Duda,J (2645) Germany 2015}) 14. dxe5 Nxe5 15. Nxe5 (15. Qd4 {with more complications.} Ng6 16. Nc4 Bc5 17. Qc3 Bb4 18. Qc2) 15... Bxe5 16. Bxe5 Qxe5 17. Ne4 (17. Qf4 {is interesting.} Qxf4 18. gxf4 Be6 19. Rac1 g6 20. Bf3) 17... Nxe4 18. Qxe4 Qxe4 19. Bxe4 Be6 20. Rac1 c6 21. Rd2 Rd8 22. Rcd1 Rxd2 23. Rxd2 $11 {[%mdl 4096] Endgame KRB-KRB} Kf8 24. Kf1 ({Don't play} 24. Bxh7 g6 $17) 24... Ke7 25. Ke2 ({Reject} 25. Bxh7 g6 $17) 25... a5 26. Kd1 Ra8 27. Kc1 a4 28. Kb2 axb3 29. axb3 Ra5 30. Rd1 h6 31. h4 Rb5 32. Bc2 c5 33. Kc3 Ra5 34. Kb2 Rb5 35. Kc3 Ra5 36. Kb2 f6 37. Ra1 Rxa1 38. Kxa1 {KB-KB} b5 39. Kb2 Kd6 40. Be4 Bd5 41. Bf5 Bf3 42. Bd3 b4 43. Bc2 g5 44. Bd3 Ke5 45. Bc2 gxh4 46. gxh4 f5 47. Kc1 (47. Bd3 $11 {was the only way to keep the balance.}) 47... f4 (47... Kf6 $17) 48. Kd2 (48. Bd3 $1 $11 {and White is okay.}) 48... Be4 $2 (48... Bd5 $19 49. Ke2 f3+ 50. Kd2 h5) 49. Bd3 Bd5 50. Bc2 $2 {[%mdl 8192]} (50. Kc2 $1 $11 {and White has nothing to worry.}) 50... f3 $1 $19 51. Ke1 Be4 52. Kd2 h5 $1 53. Bd3 Bd5 54. Kc2 Be4 55. Kd2 $1 Kf5 $1 56. Kc2 Bxd3+ $1 57. Kxd3 {KP-KP} Kg4 58. Kc4 Kxh4 {Threatens to win with ...Kg5.} 59. e4 {[#]} Kg5 $1 {...h4 is the strong threat.} 60. Kxc5 $2 {K3P-K3P} (60. e5 h4 61. Kxc5) 60... Kf4 61. Kd5 h4 62. e5 h3 63. e6 h2 64. e7 h1=Q {( -> ...Qd1+)} 65. e8=Q {KQ-KQ} Qd1+ {[%mdl 64] Double Attack} 66. Kc5 Qc2+ {[%mdl 64] Double Attack} 67. Kxb4 Qxf2 68. Qf7+ Kg3 69. Ka3 Qe3 (69... Qc5+ $142 70. Ka4 Qd4+ 71. Ka3 Qd6+ 72. Ka2 f2 73. Qc4 Qd2+ 74. Ka3 Qa5+ 75. Kb2 Qe5+ 76. Ka2 Kf3 77. Qf7+ Qf4 78. Qb7+ Ke2 79. Qb5+ Ke1 80. Qe8+ Kd2 81. Qd8+ Kc1 82. Qc8+ Kd1 83. Ka3 f1=Q 84. Qd7+ Ke1 85. Qe7+ Kd2 86. Qb4+ Kc2 87. Qc5+ Kb1 88. Qc4 Qd6+ 89. Ka4 Qg2 90. Qc8 Qe4+ 91. Qc4 Qa8+ 92. Kb5 Qaa6#) 70. Qg6+ Kh2 71. Qh5+ Kg2 (71... Kg1 $142 72. Qg6+ Kf1 73. Qa6+ Kg1 74. Qg6+ Kf1 75. Qa6+ Qe2) 72. Qg4+ Kf1 73. Qh3+ Ke1 74. Qg3+ Kd2 75. Qd6+ Ke2 76. Qa6+ Ke1 (76... Kd1 $142 77. Qf1+ Kd2 78. Qh3 f2 79. Qg2 Qe7+ 80. Ka4 Qe2 81. Qg5+ Kc2 82. Qg6+ Kb2 83. b4 Qd1+ 84. Ka5 Qd5+ 85. Kb6 Qd4+ {[%mdl 64] Double Attack} 86. Kc6 f1=Q 87. Kc7 Qa7+ 88. Kd6 Qb6+ 89. Ke7 Qxg6 90. b5 Qff7+ 91. Kd8 Qgg8#) 77. Qa5+ Kf1 78. Qa6+ Qe2 79. Qh6 Qe7+ 80. b4 f2 81. Qh3+ Ke2 82. Qg4+ Ke1 83. Qg3 Ke2 84. Qg4+ $1 Kd3 {Black mates.} 85. Qf5+ {[#]} Ke3 $1 86. Qh3+ Kd2 87. Qh2 Qe2 {Accuracy: White = 45%, Black = 72%.} 0-1

[Event "Icelandic Open 2019"]
[Site "Akureyri"]
[Date "2019.05.28"]
[Round "5.6"]
[White "Kjartansson, Gudmundur"]
[Black "Thorfinnsson, Bjorn"]
[Result "1-0"]
[WhiteElo "2454"]
[BlackElo "2389"]
[Annotator "RC"]
[PlyCount "155"]
[EventDate "2019.05.25"]
[EventType "swiss"]
[EventCountry "ISL"]
[SourceTitle "playchess.com"]
[Source "ChessBase"]
[SourceQuality "1"]
[TimeControl "40/5400+30:1800+30"]

1. Nf3 {[%emt 0:00:00]} d5 {[%emt 0:00:48]} 2. g3 {[%emt 0:00:00]} g6 {[%emt 0:00:34]} 3. Bg2 {[%emt 0:00:46]} Bg7 {[%emt 0:00:07]} 4. d4 {[%emt 0:00:16]} c6 {[%emt 0:00:55]} 5. O-O {[%emt 0:00:27]} Nf6 {[%emt 0:02:06]} 6. b3 {[%emt 0:07:30]} O-O {[%emt 0:00:16]} 7. c4 {[%emt 0:01:09]} b6 {[%emt 0:05:16]} 8. Bb2 {[%emt 0:04:59]} Bb7 {[%emt 0:01:33]} 9. Nc3 {[%emt 0:00:40]} e6 {[%emt 0:02:55]} 10. e3 {[%emt 0:12:14]} Nbd7 {[%emt 0:11:07]} 11. Qe2 {[%emt 0:00:18]} Ne4 {[%emt 0:16:59]} 12. Nxe4 {[%emt 0:12:41]} dxe4 {[%emt 0:00:13]} 13. Ne5 {[%emt 0:00:41]} f5 {[%emt 0:00:08]} 14. Rad1 {[%emt 0:05:16]} Qc7 {[%emt 0:00:31]} 15. Nxd7 {[%emt 0:00:57]} Qxd7 {[%emt 0:00:04]} 16. f3 {[%emt 0:00:08]} exf3 {[%emt 0:00:10]} 17. Bxf3 {[%emt 0:00:52]} e5 {[%emt 0:22:48]} 18. dxe5 {[%emt 0:03:09]} Qe7 {[%emt 0:01:10]} 19. Rd6 {[%emt 0:07:46]} Bxe5 {[%emt 0:00:05]} 20. Bxe5 {[%emt 0:00:08]} Qxe5 {[%emt 0:00:04]} 21. Rfd1 {[%emt 0:00:41]} Rae8 {[%emt 0:00:40]} 22. Rd7 {[%emt 0:06:48]} Re7 {[%emt 0:04:48]} 23. Kf2 {[%emt 0:03:07]} Qg7 {[%emt 0:08:01]} 24. Qd2 {[%emt 0:02:06]} Rxd7 {[%emt 0:02:06]} 25. Qd4 {[%emt 0:00:05]} Rd6 26. Qxd6 {[%emt 0:00:30]} Qe7 {[%emt 0:00:05]} 27. Qd7 Qxd7 {[%emt 0:01:00]} 28. Rxd7 {[%emt 0:00:34]} Rf7 {[%emt 0:00:04]} 29. Rxf7 {[%emt 0:11:05]} Kxf7 {[%emt 0:00:04]} 30. e4 {[%emt 0:00:07]} Kf6 {[%emt 0:07:40]} 31. Ke3 {[%emt 0:11:42]} fxe4 {[%emt 0:04:41]} 32. Bxe4 {[%emt 0:00:05]} Ke5 {[%emt 0:00:35]} 33. h4 {[%emt 0:01:47]} a5 {[%emt 0:00:43]} 34. a3 {[%emt 0:02:10]} Kd6 {[%emt 0:04:16]} 35. Kf4 {[%emt 0:01:12]} Kc5 {[%emt 0:00:45]} 36. Ke5 {[%emt 0:01:43]} a4 {[%emt 0:03:08]} 37. bxa4 {[%emt 0:00:03]} Ba6 {[%emt 0:00:07]} 38. Kf6 {[%emt 0:03:02]} Bxc4 {[%emt 0:00:06]} 39. Kg7 {[%emt 0:00:22]} Bd5 {[%emt 0:00:10]} 40. Bc2 {[%emt 0:01:29]} h5 {[%emt 0:01:33]} 41. Bxg6 {[%emt 0:30:38]} Bf3 {[%emt 0:30:14]} 42. Kh6 {[%emt 0:00:00]} Kd4 {[%emt 0:00:00]} 43. Bxh5 {[%emt 0:00:00]} Bxh5 {[%emt 0:00:00]} 44. Kxh5 {[%emt 0:00:00]} c5 {[%emt 0:00:00]} 45. Kg4 {[%emt 0:00:00]} c4 {[%emt 0:00:00]} 46. h5 {[%emt 0:00:00]} c3 {[%emt 0:00:00]} 47. h6 {[%emt 0:00:00]} c2 {[%emt 0:00:00]} 48. h7 {[%emt 0:00:00]} c1=Q {[%emt 0:00:00]} 49. h8=Q+ {[%emt 0:00:00]} Kd5 {[%emt 0:00:00]} 50. Qd8+ {[%emt 0:00:00]} Ke6 {[%emt 0:00:00]} 51. Qxb6+ {[%emt 0:00:00]} Kd7 {[%emt 0:00:00]} 52. Qd4+ {[%emt 0:00:00]} Ke6 {[%emt 0:00:00]} 53. a5 {[%emt 0:00:00]} Qxa3 {[%emt 0:00:00]} 54. Qc4+ {[%emt 0:00:00]} Kf6 {[%emt 0:00:00]} 55. a6 {[%emt 0:00:00]} Qa5 {[%emt 0:00:00]} 56. Qc6+ {[%emt 0:00:00]} Kg7 {[%emt 0:00:00]} 57. Qd7+ {[%emt 0:00:00]} Kf6 {[%emt 0:00:00]} 58. Qd6+ {[%emt 0:00:00]} Kg7 {[%emt 0:00:00]} 59. Kh4 {[%emt 0:00:00]} Qa1 {[%emt 0:00:00]} 60. Qe7+ {[%emt 0:01:27]} Kg6 {[%emt 0:00:00]} 61. Qg5+ {[%emt 0:01:36]} Kf7 {[%emt 0:00:00]} 62. Qd5+ {[%emt 0:00:11]} Kf6 {[%emt 0:00:00]} 63. Qc6+ {[%emt 0:00:56]} Kf7 {[%emt 0:00:00]} 64. Qb7+ {[%emt 0:01:54]} Kg6 {[%emt 0:00:00]} 65. Qc6+ {[%emt 0:02:47]} Kf7 {[%emt 0:00:00]} 66. Qc7+ {[%emt 0:00:54]} Kg6 {[%emt 0:00:00]} 67. Qb6+ {[%emt 0:00:49]} Kf7 {[%emt 0:00:00]} 68. a7 {[%emt 0:01:22]} Qh1+ {[%emt 0:00:00]} 69. Kg5 {[%emt 0:00:08]} Qd5+ {[%emt 0:00:00]} 70. Kf4 {[%emt 0:00:06]} Qc4+ {[%emt 0:00:00]} 71. Ke5 {[%emt 0:00:32]} Qc3+ {[%emt 0:00:00]} 72. Qd4 {[%emt 0:01:10]} Qc7+ {[%emt 0:00:00]} 73. Ke4 {[%emt 0:00:52]} Qc2+ {[%emt 0:00:00]} 74. Kf3 {[%emt 0:01:14]} Qb3+ {[%emt 0:00:00]} 75. Kg2 {[%emt 0:01:00]} Qb7+ {[%emt 0:00:00]} 76. Kh2 {[%emt 0:00:24]} Kg6 {[%emt 0:00:00]} 77. Qa1 {[%emt 0:00:30]} Qa8 {[%emt 0:00:00]} 78. Qb1+ {[%emt 0:00:29]} 1-0

[Event "Icelandic Open 2019"]
[Site "Akureyri"]
[Date "2019.05.28"]
[Round "5.7"]
[White "Thorhallsson, Throstur"]
[Black "Sigurdsson, Snorri Thor"]
[Result "1-0"]
[WhiteElo "2435"]
[BlackElo "1965"]
[Annotator "TA"]
[PlyCount "117"]
[EventDate "2019.05.25"]
[EventType "swiss"]
[EventCountry "ISL"]
[SourceTitle "playchess.com"]
[Source "ChessBase"]
[SourceQuality "1"]

{[%evp 9,117,8,10,-2,25,15,15,19,12,1,13,-2,44,4,2,8,94,0,75,19,108,0,0,-36,-29,-21,13,10,20,-8,0,-38,-40,-71,-36,-49,-32,-86,-37,-48,-32,-31,-29,-29,-37,-44,-33,-36,-16,-36,-21,-26,-12,-104,-104,-100,-72,-89,-90,-102,-12,-12,-14,-15,0,0,0,0,0,0,0,0,0,0,0,0,0,0,0,0,0,0,0,0,0,0,0,0,0,0,0,0,0,0,0,0,0,0,0,0,0,0,0,0,0,0,0,0,29988,29989]} 1. e4 e6 2. d4 d5 3. Nc3 Bb4 4. Bd3 dxe4 5. Bxe4 c5 (5... Nf6 6. Bf3 c5 7. Nge2 cxd4 8. Qxd4 Qe7 9. O-O Nbd7 10. Re1 Bc5 11. Qa4 O-O 12. Ng3 Rd8 13. Bg5 Qf8 14. Rad1 h6 15. Bf4 {0-1 (65) Zajic,M (2472)-Kuzubov,Y (2636) Kragujevac 2015}) 6. a3 {C15: French: 3 Nc3 Bb4: Unusual White 4th moves} Ba5 (6... Bxc3+ $5 7. bxc3 Nf6 $11) 7. dxc5 {Threatens to win with Qxd8+.} Bxc3+ 8. bxc3 {The position is equal.} Qa5 9. Ne2 Nf6 10. Bf3 $132 {[%mdl 2048] White has counterplay} Nbd7 $146 ({Predecessor:} 10... e5 11. Qd6 Nfd7 12. Be3 Qa6 13. Qxa6 Nxa6 {1-0 (57) Pakhteev,Y (2270)-Bivol,A (2114) Kimry 2011}) 11. Qd6 {Be3 is the strong threat.} Qxc5 12. Bf4 Qa5 (12... Qxd6 $11 13. Bxd6 Nb6) 13. g4 ({Better is} 13. Bg3 $16) 13... h6 (13... Nd5 $11) 14. O-O (14. Rd1 $16) 14... e5 (14... Nd5 $1 $11) 15. Bg3 (15. Nd4 $16 exf4 16. Rad1) 15... Qc5 $11 16. Rad1 (16. Qxc5 {with more complications.} Nxc5 17. Bxe5 Bxg4 18. Bg2 Bxe2 19. Rfe1) 16... Qxd6 17. Rxd6 O-O 18. h3 Re8 19. Bg2 Nc5 20. f3 Bd7 21. Bf2 Ne6 22. Re1 Ba4 23. Rb1 (23. f4 $15) 23... b6 24. f4 {Hoping for Rb4.} e4 25. Rb2 Rad8 26. Rxd8 Rxd8 27. Bd4 Nxd4 28. cxd4 Rc8 29. g5 hxg5 30. fxg5 Nh7 31. Bxe4 (31. h4 $1 $11 {keeps the balance.}) 31... Nxg5 $17 {[%mdl 64] [#] Double Attack} 32. Bf5 Re8 33. c4 g6 34. Bg4 f5 (34... Re3 $17 {aiming for ...f5.} 35. Kg2 Kg7) 35. h4 $11 Ne4 36. Bf3 Rc8 37. Bxe4 fxe4 {[%mdl 4096] Endgame KRB-KRN} 38. Rb4 Bc2 39. Kf2 Bd3 40. Nf4 Bxc4 41. Ke3 Kf7 42. Kxe4 b5 43. Nd3 Bxd3+ 44. Kxd3 {KR-KR} a6 45. a4 Rh8 46. axb5 axb5 47. Rxb5 Rxh4 48. Kc4 Rg4 49. Rb6 Ke7 50. Kc5 Rg1 51. Rb7+ Ke8 52. Kd6 g5 53. d5 g4 54. Re7+ Kd8 55. Rg7 {[%cal Rg7g8]} Ke8 56. Ke6 {[%cal Rg7g8]} Re1+ 57. Kf5 Rd1 58. Rxg4 Rxd5+ $2 {[%mdl 8192] [#]} (58... Kd7 $11) 59. Ke6 {Accuracy: White = 50%, Black = 47%.} 1-0

[Event "Icelandic Open 2019"]
[Site "Akureyri"]
[Date "2019.05.28"]
[Round "5.8"]
[White "Petursson, Gudni"]
[Black "Gunnarsson, Jon Viktor"]
[Result "0-1"]
[WhiteElo "2045"]
[BlackElo "2452"]
[Annotator "TA"]
[PlyCount "112"]
[EventDate "2019.05.25"]
[EventType "swiss"]
[EventCountry "ISL"]
[SourceTitle "playchess.com"]
[Source "ChessBase"]
[SourceQuality "1"]

{[%evp 10,114,42,39,47,9,16,-8,0,-22,-19,-18,-22,-7,24,24,13,-49,25,0,12,12,33,18,20,29,25,5,25,14,35,24,30,26,17,14,10,15,51,0,26,0,18,0,4,-22,0,0,41,0,0,2,24,34,29,0,0,-20,-13,-16,11,-27,-30,-32,-20,-81,-66,-91,-69,-64,-52,-59,-28,-32,-32,-48,-32,-60,-54,-55,-18,-84,-74,-77,-72,-173,-159,-559,-372,-554,-564,-557,-563,-520,-538,-525,-518,-392,-385,-307,0,-29996,-29997,-29997,-29998,-29998,-29999]} 1. e4 c5 2. Nc3 e6 3. Nf3 a6 4. g3 Nc6 5. Bg2 d6 6. O-O Be7 {B40: Sicilian: 2...e6, Unusual lines} (6... Nf6 7. d3 Be7 8. Ng5 O-O 9. f4 Qc7 10. f5 Bd7 11. g4 h6 12. Nh3 Ne5 13. g5 hxg5 14. Bxg5 Qd8 15. Qe1 Re8 16. Qg3 {½-½ (26) Kamsky,G (2664)-Alekseev,E (2647) Sochi 2019}) 7. b3 Bf6 $146 ({Predecessor:} 7... Nf6 8. Bb2 O-O 9. Re1 Qc7 10. d3 Bd7 11. Qd2 Rfd8 12. Nd1 d5 13. e5 Ne8 14. Ne3 {1-0 (34) Schmittdiel,E (2497)-Steiner,B (2252) Oberwart 2002}) 8. Bb2 Nge7 {The position is equal.} 9. d3 O-O 10. Qc1 Bd7 11. Ne2 Ng6 12. Bxf6 Qxf6 13. Qg5 (13. c3 $11) 13... Qb2 ({Black should try} 13... Nd4 $15 14. Nexd4 Qxg5 15. Nxg5 cxd4) 14. Qc1 Qf6 15. c3 h6 16. Qd2 d5 17. Qe3 b6 18. d4 dxe4 19. Qxe4 Rac8 20. dxc5 bxc5 21. Rad1 Rfd8 22. Rd2 Be8 23. Rfd1 Rxd2 24. Rxd2 (24. Nxd2 $14 Rd8 25. Qc2) 24... Nce7 25. Qc2 a5 {[%cal Ba6a5,Ba5a4][%mdl 32]} 26. Ne1 Ne5 27. h3 g5 28. c4 Kg7 29. Qc3 a4 $1 30. f4 N5g6 31. Qxf6+ Kxf6 32. fxg5+ hxg5 33. bxa4 Ne5 34. Nc3 Nxc4 35. Rf2+ Kg6 36. Bf1 Ne5 37. Bb5 (37. Nd3 $11 {keeps the balance.} Nxd3 38. Bxd3+ Kg7 39. Bb5) 37... f5 38. Rd2 Kf7 39. Kf2 Bc6 40. Nd3 N7g6 (40... Kf6 {looks sharper.} 41. Nxe5 Kxe5 42. Re2+ Kd6 43. Bxc6 Nxc6 44. Nb5+ Kd7) 41. Nxe5+ Nxe5 42. Bxc6 Rxc6 $11 {[%mdl 4096] Endgame KRN-KRN} 43. h4 gxh4 44. gxh4 c4 {[%cal Bc5c4,Bc4c3,Bc3c2][%mdl 32]} 45. Kg3 (45. Rd8 $11 {remains equal.}) 45... Rc8 46. Rd6 Ke7 47. Rb6 (47. Rd4 $17) 47... Rd8 $1 $19 {[%cal Rd8d3] And now ...Rd3+ would win.} 48. Nb5 $2 {[#]} (48. Kf2 $17) 48... c3 $1 {[%mdl 512]} 49. Rb7+ (49. Nxc3 {only move.} Rd3+ 50. Kf4) 49... Kf6 50. Rc7 Rd3+ 51. Kf2 Rd2+ 52. Ke3 Ng4+ 53. Kf3 c2 $1 54. a5 {[#] intending a6.} e5 $2 ({Black should play} 54... Ne5+ $1 $19 55. Ke3 {[#]} c1=B $1 {[%mdl 512]} 56. Rxc1 Rxa2) 55. a6 $2 {[%mdl 8192]} (55. Rc6+ $11 Ke7 56. a6) 55... Nh2+ {Black mates.} 56. Ke3 Nf1+ 0-1

[Event "Icelandic Open 2019"]
[Site "Akureyri"]
[Date "2019.05.28"]
[Round "5.9"]
[White "Jonsson, Gauti Pall"]
[Black "Karlsson, Mikael Johann"]
[Result "0-1"]
[WhiteElo "2033"]
[BlackElo "2146"]
[Annotator "ChessBase"]
[PlyCount "90"]
[EventDate "2019.05.25"]
[EventType "swiss"]
[EventCountry "ISL"]
[SourceTitle "playchess.com"]
[Source "ChessBase"]
[SourceQuality "1"]
[TimeControl "40/5400+30:1800+30"]

1. e4 {[%emt 0:00:00]} d5 {[%emt 0:04:39]} 2. exd5 {[%emt 0:00:00]} Qxd5 {[%emt 0:00:04]} 3. Nc3 {[%emt 0:00:15]} Qd6 {[%emt 0:00:05]} 4. d4 {[%emt 0:01:54]} c6 {[%emt 0:00:03]} 5. Bc4 {[%emt 0:00:55]} Nf6 {[%emt 0:00:39]} 6. Nge2 {[%emt 0:01:32]} Bg4 {[%emt 0:01:02]} 7. f3 {[%emt 0:02:03]} Bf5 {[%emt 0:01:38]} 8. Bf4 {[%emt 0:01:00]} Qb4 {[%emt 0:00:31]} 9. Bb3 {[%emt 0:01:46]} Nbd7 {[%emt 0:03:48]} 10. Bc7 {[%emt 0:08:06]} e6 {[%emt 0:10:36]} 11. O-O {[%emt 0:09:18]} Rc8 {[%emt 0:02:11]} 12. a3 {[%emt 0:00:38]} Qe7 {[%emt 0:00:04]} 13. Bf4 {[%emt 0:01:13]} h6 {[%emt 0:04:35]} 14. Ng3 {[%emt 0:02:29]} Bh7 {[%emt 0:04:58]} 15. Re1 {[%emt 0:00:19]} g5 {[%emt 0:00:26]} 16. Be3 {[%emt 0:03:25]} Bg7 {[%emt 0:00:29]} 17. d5 {[%emt 0:01:18]} Nxd5 {[%emt 0:05:22]} 18. Nxd5 {[%emt 0:03:28]} cxd5 {[%emt 0:00:04]} 19. Bd4 {[%emt 0:04:11]} Bxd4+ {[%emt 0:01:55]} 20. Qxd4 {[%emt 0:00:59]} Qc5 {[%emt 0:00:04]} 21. Rad1 {[%emt 0:03:10]} O-O {[%emt 0:05:26]} 22. c3 {[%emt 0:01:09]} b5 {[%emt 0:02:36]} 23. Kh1 {[%emt 0:04:03]} Qxd4 {[%emt 0:00:09]} 24. Rxd4 {[%emt 0:00:10]} Nc5 {[%emt 0:00:36]} 25. Ba2 {[%emt 0:01:21]} Nd3 {[%emt 0:01:05]} 26. Re3 {[%emt 0:01:06]} Nxb2 {[%emt 0:00:41]} 27. h4 {[%emt 0:01:21]} Nc4 {[%emt 0:01:35]} 28. Re2 {[%emt 0:02:55]} Rc6 {[%emt 0:02:05]} 29. hxg5 {[%emt 0:00:31]} hxg5 {[%emt 0:00:04]} 30. Rg4 {[%emt 0:00:34]} f6 {[%emt 0:01:25]} 31. f4 {[%emt 0:00:47]} Bd3 {[%emt 0:02:03]} 32. Re1 {[%emt 0:00:50]} Kf7 {[%emt 0:04:09]} 33. fxg5 {[%emt 0:00:15]} Rg8 {[%emt 0:00:53]} 34. Rd4 {[%emt 0:00:15]} Bc2 {[%emt 0:02:05]} 35. Re2 {[%emt 0:00:48]} Rxg5 {[%emt 0:01:39]} 36. Kh2 {[%emt 0:01:44]} Nxa3 {[%emt 0:00:17]} 37. Rh4 {[%emt 0:02:14]} Rxc3 {[%emt 0:00:28]} 38. Nf1 {[%emt 0:00:16]} Nc4 {[%emt 0:00:55]} 39. Rh8 {[%emt 0:00:55]} Be4 {[%emt 0:01:02]} 40. Bxc4 {[%emt 0:00:00]} bxc4 {[%emt 0:00:00]} 41. Ra2 {[%emt 0:01:23]} Kg6 {[%emt 0:04:58]} 42. Ra8 {[%emt 0:00:41]} Rh5+ {[%emt 0:01:44]} 43. Kg1 {[%emt 0:00:14]} Rh7 {[%emt 0:00:55]} 44. Re8 {[%emt 0:02:26]} e5 {[%emt 0:01:59]} 45. Rf2 {[%emt 0:00:20]} Rc2 {[%emt 0:00:51]} 0-1